Ελληνικοί θησαυροί στην οικουμένη = Hellenic treasures around the world = Hellenische Schatze Rund um die Welt

Αποθηκεύτηκε σε:
Λεπτομέρειες βιβλιογραφικής εγγραφής
Κύριος συγγραφέας: Αραπογιάννη, Ξένη (Συγγραφέας)
Άλλοι συγγραφείς: Αγγελόπουλος, Αθανάσιος Αν., 1940- (Επιμελητής έκδοσης)
Μορφή: Βιβλίο
Γλώσσα:Greek
English
German
Russian
Δημοσίευση: Αθήνα : Ελληνική Εθνική Γραμμή, Οικουμενικός Ελληνισμός Ε.Π.Ε., 2008.
Έκδοση:2η έκδ.
Θέματα:
Ετικέτες: Προσθήκη ετικέτας
Δεν υπάρχουν, Καταχωρήστε ετικέτα πρώτοι!

MARC

LEADER 00000cam a2200000 i 4500
001 1/27715
008 130321s2008####gr | ||| |||| ||gre||
020 |a 9789609803519 (set)  
020 |a 9789609803526  
035 |l 10114065 
040 |a GR-MyUA  |b gre  |e AACR2 
041 1 |a gre  |a eng  |a ger  |a rus 
082 0 |a 733.30938   |2 (22)  
245 1 0 |a Ελληνικοί θησαυροί στην οικουμένη =   |b Hellenic treasures around the world = Hellenische Schatze Rund um die Welt /   |c Ξένη Αραπογιάννη ; γενική επιμέλεια Αθανάσιος Αγγελόπουλος.  
246 1 |i Παράλληλος τίτλος:   |a Hellenic treasures around the world  
246 1 |i Παράλληλος τίτλος:   |a Hellenische Schatze Rund um die Welt  
250 |a 2η έκδ.  
260 |a Αθήνα :   |b Ελληνική Εθνική Γραμμή,   |b Οικουμενικός Ελληνισμός Ε.Π.Ε.,   |c 2008.  
300 |a 238 σ. :   |b εικ. ;   |c 29 εκ.  
504 |a Περιλαμβάνει ευρετήριο.  
650 0 0 |a Sculpture, Greek. 
650 0 0 |a Civilization, Ancient  |z Greece. 
650 0 0 |a Art, Classical  |z Greece  |x Catalogs. 
700 1 |a Αγγελόπουλος, Αθανάσιος Αν.,   |d 1940-  |e edt 
700 1 |a Αραπογιάννη, Ξένη,  |e aut 
852 |a INST  |b CHIOS  |e 20130613  |h 733.30938 ΕΛΛ  |p 005200035159  |q 005200035159  |t BK  |y 0 
852 |a INST  |b CHIOS  |e 20130613  |h 733.30938 ΕΛΛ  |p 005200035160  |q 005200035160  |t BK  |y 0 
852 |a INST  |b LESVOS  |e 20150218  |h 733 ΕΛΛ  |p 005100056430  |q 005100056430  |t BK  |y 0 
852 |a INST  |b SAMOS  |e 20131125  |h 733.30938 ΕΛΛ  |p 005300036020  |q 005300036020  |t BK  |y 0 
852 |a INST  |b SYROS  |e 20130321  |h 733.30938 ΕΛΛ  |p 005500010610  |q 005500010610  |t BK  |y 0 
852 |a INST  |b SYROS  |e 20140212  |h 733.30938 ΕΛΛ  |p 005500011314  |q 005500011314  |t BK  |y 0 
852 |a INST  |b SYROS  |e 20140212  |h 733.30938 ΕΛΛ  |p 005500011315  |q 005500011315  |t BK  |y 0 
901 |a BIBL5-2013-1 
901 |a BIBL3-2013-3 
901 |a BIBL5-2013-1 
901 |a BIBL2-2013-2 
909 |a Ε  |b 152538 
909 |a Ε  |b 152536 
909 |a Σ  |b 152535 
909 |a Ε  |b 152552 
909 |a Χ  |b 152539 
909 |a Χ  |b 152537 
909 |a Λ  |b 152553 
922 |a 3ΕΛΗ  |b 200804  |c ΜΑΘΗΜΑΤΙΚΟ  |d ΠΑΠΑΣΩΤΗΡΙΟΥ 
970 |a ΚΟΝΤΟΥ  |b ΠΑΡΑΣΚΕΥΗ  |z 2013/03/21